000
00319nam a2200133Ia 4500
100
_a
Phillips/ Don T/ Ravindran/A
942
_c
BK
654
_a
Operation
245
_a
Operation research principles and practice
260
_b
John wiley
_a
New York
_c
1976
082
_a
1.424
_b
PHI
300
_a
585
546
_a
ENGLISH
999
_c
19116
_d
19116